000 01194nam a2200337Ia 4500
001 Z_7053
003 CHAP
005 20230119191445.0
008 220113s2017 xx 000 0 und d
010 _a170326
040 _cCHAP
090 _aTesis R63 2621
100 _aRodríguez López, Fredy
_9132947
245 _aCurva de crecimiento de trébol rojo (trifolium pratense L.) en la estación de verano /
_cFredy Rodríguez López
260 _aMéxico :
_bEl autor,
_c2017
300 _a53 p
502 _aTesis ( Ingeniero Agrónomo Especialista en Zootecnia) -- UACh, 2017 \ Dirección: Sergio Iban Mendoza Pedroza; asesoría: Alfonso Hernández Garay y Luis Corona Gochi
650 _aAltura
_9145500
650 _aComposición morfológica
_9144329
650 _aRendimiento
_9143245
650 _aTrébol rojo
_9146538
700 _a Corona Gochi, Luis, asesor
_9146648
700 _a Hernández Garay, Alfonso, asesor
_9144186
700 _aMendoza Pedroza, Sergio Iban, director
_9145221
856 4 2 _uhttp://10.13.5.2/tesis/sist113549.pdf
_yDescargar PDF
901 _aTESIS R63 2621
902 _aA
910 _a2017
942 _c2
_2ddc
942 _c2
_2ddc
999 _c170326
_d170326